000 00957nam a2200241 a 4500
001 82037
003 BD-RjUL
005 20231003152944.0
008 231003s2021 bg ||||| |||| 00| 0 ben d
020 _a9789849332075
035 _a(BD-RjUL)82037
040 _aBD-RjUL
_beng
_cBD-RjUL
041 _aben
082 _223
_a891.443
_bHOB 2021
100 _aহোসেন, মীর মশাররফ
_99341
245 _aবিষাদ সিন্ধু /
_cমীর মশাররফ হোসেন ; ভূমিকা মোহাম্মদ আখতার হোসেন
260 _aঢাকা :
_bশিক্ষাপ্রচার,
_c২০২১
300 _a২২৪ পৃ.;
_c২২ সেমি.
650 _a বাংলা সাহিত্য
_xউপন্যাস
_99342
650 _aBengali literary
_xnovel
_99343
700 _aহোসেন, মোহাম্মদ আখতার
_99183
942 _2ddc
_cBK
999 _c82037
_d82037